| 000 | 01000cam a2200289 4500 | ||
|---|---|---|---|
| 008 | 090401t1994 xxu||||| |||| 00| 0 eng d | ||
| 020 | _a0471952109 | ||
| 035 | _a(Sirsi) u60854 | ||
| 041 | _aeng | ||
| 050 | _a306.1 | ||
| 100 | _aMiles, David | ||
| 245 | _aHousing, financial markets and the wider economy. | ||
| 260 |
_aChichester _bJohn Wiley & Sons _c1994 |
||
| 300 | _aix,228p. ; 23cm. | ||
| 350 | _a35 | ||
| 490 |
_aSeries _vin Financial Economics and Quantitative Analysis |
||
| 520 | _aDeals with the economics of housing looking at how values are determined, the financing of house purchases, the effect of the financial markets and the taxation on house-building and the way in which changes in house values affect the wider economy. | ||
| 650 | _aECONOMICS | ||
| 650 | _aFINANCIAL MARKETS | ||
| 650 | _aHOUSE PRICES | ||
| 650 | _aHOUSING ECONMICS | ||
| 650 | _aHOUSING FINANCE | ||
| 650 | _aHOUSING MARKET | ||
| 690 | _aHOUSING | ||
| 942 | _n0 | ||
| 948 | _c04/03/1997 | ||
| 999 |
_c94258 _d94258 |
||